Joseph Raphael (1869-1950) : (Record no. 27235)
[ view plain ]
| 000 -LEADER | |
|---|---|
| fixed length control field | 01203cam a2200301 a 4500 |
| 001 - CONTROL NUMBER | |
| control field | 13359465 |
| 003 - CONTROL NUMBER IDENTIFIER | |
| control field | OSt |
| 005 - DATE AND TIME OF LATEST TRANSACTION | |
| control field | 20170207161930.0 |
| 008 - FIXED-LENGTH DATA ELEMENTS--GENERAL INFORMATION | |
| fixed length control field | 031001s2003 nyua bc 001 0deng |
| 010 ## - LIBRARY OF CONGRESS CONTROL NUMBER | |
| LC control number | 2003113591 |
| 020 ## - INTERNATIONAL STANDARD BOOK NUMBER | |
| International Standard Book Number | 0945936613 |
| 035 ## - SYSTEM CONTROL NUMBER | |
| System control number | (DLC) 2003113591 |
| 040 ## - CATALOGING SOURCE | |
| Original cataloging agency | DLC |
| Transcribing agency | DLC |
| 042 ## - AUTHENTICATION CODE | |
| Authentication code | pcc |
| 050 00 - LIBRARY OF CONGRESS CALL NUMBER | |
| Classification number | ND237.R138A4 2003 |
| 100 1# - MAIN ENTRY--PERSONAL NAME | |
| Personal name | Raphael, Joseph, |
| Dates associated with a name | 2003- |
| 245 10 - TITLE STATEMENT | |
| Title | Joseph Raphael (1869-1950) : |
| Remainder of title | an artistic journey : November 18, 2003-January 3, 2004 / |
| Statement of responsibility, etc. | essay by William H. Gerdts ; catalogue introduction by Phyllis Hattis. |
| 246 14 - VARYING FORM OF TITLE | |
| Title proper/short title | Joseph Raphael |
| 260 ## - PUBLICATION, DISTRIBUTION, ETC. (IMPRINT) | |
| Place of publication, distribution, etc. | New York, NY : |
| Name of publisher, distributor, etc. | Spanierman Gallery, |
| Date of publication, distribution, etc. | 2003. |
| 300 ## - PHYSICAL DESCRIPTION | |
| Extent | 132 p. : |
| Other physical details | ill. (chiefly col.) ; |
| Dimensions | 33 cm. |
| 500 ## - GENERAL NOTE | |
| General note | Includes bibliographical references (p. 39-43) and index. |
| 600 10 - SUBJECT ADDED ENTRY--PERSONAL NAME | |
| Personal name | Raphael, Joseph, |
| Dates associated with a name | 1869-1950 |
| Form subdivision | Exhibitions. |
| 700 1# - ADDED ENTRY--PERSONAL NAME | |
| Personal name | Gerdts, William H. |
| 700 1# - ADDED ENTRY--PERSONAL NAME | |
| Personal name | Hattis, Phyllis. |
| 710 2# - ADDED ENTRY--CORPORATE NAME | |
| Corporate name or jurisdiction name as entry element | Ira Spanierman Gallery. |
| 906 ## - LOCAL DATA ELEMENT F, LDF (RLIN) | |
| a | 7 |
| b | cbc |
| c | orignew |
| d | 2 |
| e | epcn |
| f | 20 |
| g | y-gencatlg |
| 942 ## - ADDED ENTRY ELEMENTS (KOHA) | |
| Source of classification or shelving scheme | |
| Koha item type | Hard Covered Materials |
| Classification part | ND237.R138A4 2003 |
| Call number prefix | 34739 |
| Withdrawn status | Lost status | Source of classification or shelving scheme | Damaged status | Not for loan | Home library | Current library | Shelving location | Date acquired | Source of acquisition | Total Checkouts | Full call number | Barcode | Date last seen | Price effective from | Koha item type |
|---|---|---|---|---|---|---|---|---|---|---|---|---|---|---|---|
| MACHAKOS UNIVERSITY LIBRARY | MACHAKOS UNIVERSITY LIBRARY | Technical section | 07/02/2017 | Donation(BFA) | ND237.R138A4 2003 | 34739 | 07/02/2017 | 07/02/2017 | Hard Covered Materials |